| 000 | 00451nam a22001577a 4500 | ||
|---|---|---|---|
| 003 | macl | ||
| 005 | 20190825121115.0 | ||
| 008 | 190825b xxu||||| |||| 00| 0 eng d | ||
| 040 | _cmacl | ||
| 082 | _a891.432/SIN/D | ||
| 100 |
_aसिंह, श्रीभगवान _976366 |
||
| 245 | _aबिन पानी सब सून | ||
| 260 |
_aमऊ _bलवकुश सिंह _c2018 |
||
| 650 |
_aनाटक _976367 |
||
| 942 |
_2ddc _cHIN |
||
| 999 |
_c60822 _d60822 |
||